Implementácia požiadaviek regionálneho trhu práce do ekonomického vzdelávania (so zameraním na OA v SR) - projekt ESF

Prezentácia projektu Katedry pedagogiky Národohospodárskej fakulty Ekonomickej univerzity v Bratislave. Ciele projektu. Priami a nepriami príjemcovia. Fázy realizácie projektu. Očakávaná pridaná hodnota projektu. Prínosy projektu.

Na minha lista:
Detalhes bibliográficos
Autor principal: Šlosár, Rudolf
Formato: Capítulo de Livro
Idioma:eslovaco
Assuntos:
Tags: Adicionar Tag
Sem tags, seja o primeiro a adicionar uma tag!

MARC

LEADER 00000nla$a2200000$$$4500
001 0067496
005 20240502071819.1
041 0 |a slo 
044 |a SK 
245 1 0 |a Implementácia požiadaviek regionálneho trhu práce do ekonomického vzdelávania (so zameraním na OA v SR) - projekt ESF  |c Rudolf Šlosár 
520 |a Prezentácia projektu Katedry pedagogiky Národohospodárskej fakulty Ekonomickej univerzity v Bratislave. Ciele projektu. Priami a nepriami príjemcovia. Fázy realizácie projektu. Očakávaná pridaná hodnota projektu. Prínosy projektu. 
610 2 0 |a vzdelávanie 
610 2 0 |a školy stredné odborné 
610 2 0 |a výchova 
610 2 0 |a vyučovanie 
610 2 0 |a učitelia 
610 2 0 |a trh práce 
610 2 0 |a regióny 
610 2 0 |a inovácia 
610 2 0 |a projekty 
100 1 |a Šlosár, Rudolf